| 000 | 00446nam a22001577a 4500 | ||
|---|---|---|---|
| 020 | _a0-02-328160-10 | ||
| 082 |
_a658.155 _bDEG _cL-37,P-79 |
||
| 100 |
_aDegarmo, E. Paul _99077 |
||
| 245 |
_aEngineering economy/ _cDegarmo, E. Paul |
||
| 250 | _a8th ed. | ||
| 260 |
_aLondon, _bCollier Macmillan Publishers _c1990 |
||
| 300 |
_axv; 765p.: _bill,; _c15 cm. |
||
| 526 |
_a0 _b0 _c0 _d658_155000000000000_DEG |
||
| 650 |
_aMCE _9379 |
||
| 942 |
_2ddc _cBK |
||
| 999 |
_c548906 _d548906 |
||